000 00553nam a2200217Ia 4500
008 101110s9999 xx 000 0 und d
041 _aENGLISH
082 _bFR82
100 _aSagwal S.S.
245 _aTextbook of silviculture
260 _c1999
_bKalyani publication, Ludhiana
300 _a238
365 _b85
520 _aDry-land Agriculture
546 _aENGLISH
630 _aTextbook of silviculture
650 _aDry-land Agriculture
655 _aDry-land Agriculture
730 _aTextbook of silviculture
942 _cBOOK
999 _c793236
_d793233